000 00826nas a2200277 4500
001 BR2010003418
003 BR-BrBNA
005 20231205114144.0
007 ta
008 230509b bl.|||p| |||| 00| 00por d
040 _aBR-BrBNA
_bpor
_cBiblioteca Nacional de Agricultura
041 _a(Pt)
072 _aU10
100 1 _aToebe, M.
100 1 _aBrum, B.
100 1 _aLopes, S.J.
100 1 _aCargnelutti Filho, A.
100 1 _aSilveira, T.R. da
245 1 _aEstimativa da área foliar de Crambe Abyssinica por discos foliares e por fotos digitais
650 _aÁREA FOLIAR
650 _aFOLHA
650 _aMODELO MATEMÁTICO
773 0 _tCiência Rural (Brazil)
_xISSN 0103-8478
_g(Feb 2010), v. 40(2) p. 475-478
_wBR2010003418
909 _a202311
_bLúcia
_c55
_dLúcia Elande
942 _2AGRIS
_n0
_cANA
999 _c207336
_d207336